Pediatria 1. zväzok

Bibliographic Details
Main Authors: Šašinka, Miroslav, 1935-2019 (Author), Šagát, Tibor, 1942- (Author)
Format: Book
Language:Slovak
PhysicalDescription:620 s. 30 cm
Published: Košice Satus 1998
ISBN:8096796305
Subjects:

MARC

LEADER 00000cam a2200000 a 4500
001 vtls001350024
003 SK-MaSNL
005 20260301200820.0
008 240318s1998 xo aap r 000 0 slo
015 |a SNBA1999/03-00800 
020 |a 8096796305 
035 |a SNK000303350 
035 |a urn:nbn:sk:snk-am3h4wa 
035 |a urn:nbn:sk:snk-am00cnt6 
035 |a 5CB19DA3-D1EF-4F53-877F-C0C1D51A5E7C 
040 |a SNK  |b slo  |c SNK  |e AACR2 
041 0 |a slo 
044 |a xo  |c SK 
080 |a 616-053.2(075.8)  |2 1981 
100 1 |a Šašinka, Miroslav,  |d 1935-2019  |4 aut  |9 196959 
245 1 0 |a Pediatria  |n 1. zväzok  |c M. Šašinka, T. Šagát a spolupracovníci 
260 |a Košice  |b Satus  |c 1998 
300 |a 620 s.  |c 30 cm 
500 |a Priebež. str. 
504 |a Obsahuje bibliografiu 
650 0 7 |a pediatria  |2 SNKPH  |9 912 
655 7 |a učebnice vysokých škôl  |2 SNKPH  |9 70191 
700 1 |a Šagát, Tibor,  |d 1942-  |4 aut  |9 196955 
919 |a 80-967963-0-5 
958 |a NB 
958 |a MI 
999 |c 892176  |d 894106 
952 |t P60, <03>, [BOOK], {603}  |a SNK  |b SNK  |y PREZ  |7 0  |p 17A0171646  |o snkSB 59613/1  |i snkKSP 11273/98  |0 0  |1 0  |4 0  |d 1998-12-07  |f 1  |l 0  |r 2025-04-08 00:00:00  |w 2026-02-24 
952 |t P60, <04>, [BOOK], {604}  |a SNK  |b SNK  |y VYP  |7 0  |p 17A0171647  |o snkSB 59613/1 D1  |i snkKSP 11274/98  |0 0  |1 0  |4 0  |d 1998-12-07  |l 0  |r 2005-01-02 00:00:00  |w 2026-02-24 
952 |t snkŠAŠ/1 616-053.2  |a SNKUST  |b SNKUST  |y PREZ  |7 0  |p 17A0160862  |o snkSB 59613/1 D2  |i snk2014/4594  |8 5  |0 0  |1 0  |4 0  |d 1999-02-08  |l 0  |r 2025-05-29 00:00:00  |w 2026-02-24